| 000 | 01684cam a2200361 a 4500 | ||
|---|---|---|---|
| 001 | 3560064 | ||
| 005 | 20060807190533.0 | ||
| 008 | 980325s1998 enka b 001 0 eng | ||
| 010 | _a 98017666 | ||
| 020 | _a0415194458 | ||
| 040 |
_aDLC _cDLC _dDLC |
||
| 043 | _aaw----- | ||
| 050 | 0 | 0 |
_aHC415.15 _b.C37 1998 |
| 082 | 0 | 0 |
_a337.56 _221 _bCAR |
| 100 | 1 |
_aCarkoglu, Ali, _d1963- _929199 |
|
| 245 | 1 | 4 |
_aThe Political Economy of Regional Cooperation in the Middle East / _cAli Carkoglu, Mine Eder and Kemal Kirisci. |
| 260 |
_aLondon ; _aNew York : _bRoutledge, _c1998. |
||
| 300 |
_ax, 268 p. : _bill. ; _c24 cm. |
||
| 440 | 0 |
_aRoutledge advances in international relations and politics ; _v3 _929200 |
|
| 504 | _aIncludes bibliographical references (p. [236]-[251]) and index. | ||
| 650 | 0 |
_aArab cooperation. _929201 |
|
| 651 | 0 |
_aMiddle East _xEconomic integration. _929202 |
|
| 651 | 0 |
_aMiddle East _xEconomic conditions _y1979- _929203 |
|
| 651 | 0 |
_aMiddle East _xForeign economic relations. _929204 |
|
| 653 |
_bEco _bPol _cMarch2012 |
||
| 700 | 1 |
_aEder, Mine, _d1965- _929205 |
|
| 700 | 1 |
_aKirisci, Kemal, _d1954- _929206 |
|
| 942 |
_2ddc _cBB |
||
| 999 |
_c16541 _d16541 |
||